[Event "2nd GMA World Cup prel  #1"]
[Site "Belgrade YUG"]
[Date "1988.??.??"]
[Round "?"]
[White "Abramovic, Bosko"]
[Black "Dokhoian, Yury"]
[Result "0-1"]
[WhiteElo "2445"]
[BlackElo "2520"]
[EventDate "1988.12.??"]
[PlyCount "52"]

1.e4 e6 2.d4 d5 3.Nc3 Bb4 4.e5 c5 5.a3 Bxc3+ 6.bxc3 Ne7 7.Qg4 O-O 8.Nf3 
Nbc6 9.Bd3 f5 10.exf6 Rxf6 11.Bg5 e5 12.Qg3 Rxf3 13.gxf3 c4 14.Bxe7 Qxe7 
15.Be2 exd4 16.Kf1 Bf5 17.Re1 Qf7 18.f4 Bxc2 19.Bf3 dxc3 20.Rg1 Bd3+ 21.
Kg2 Nd4 22.Bg4 Rf8 23.Re5 c2 24.Kh3 Qxf4 25.Rxd5 c1=Q 26.Rxc1 Qxc1 0-1

[Event "2nd GMA World Cup prel  #1"]
[Site "Belgrade YUG"]
[Date "1988.??.??"]
[Round "?"]
[White "Abramovic, Bosko"]
[Black "Ivanovic, Bozidar"]
[Result "1/2-1/2"]
[WhiteElo "2445"]
[BlackElo "2540"]
[EventDate "1988.12.??"]
[PlyCount "21"]

1.e4 c5 2.Nc3 Nc6 3.g3 g6 4.Bg2 Bg7 5.d3 d6 6.f4 e6 7.Nf3 Nge7 8.O-O Nd4 
9.Be3 Nec6 10.Qd2 O-O 11.Nd1 1/2-1/2

[Event "2nd GMA World Cup prel  #1"]
[Site "Belgrade YUG"]
[Date "1988.??.??"]
[Round "?"]
[White "Acimovic, Svetozar"]
[Black "Mohr, Georg"]
[Result "0-1"]
[WhiteElo "2370"]
[BlackElo "2460"]
[EventDate "1988.12.??"]
[PlyCount "46"]

1.d4 Nf6 2.c4 e5 3.dxe5 Ng4 4.Nf3 Bc5 5.e3 Nc6 6.a3 a5 7.Nc3 O-O 8.Bd3 Re8
9.b3 Ncxe5 10.Nxe5 Nxe5 11.Ne4 Bf8 12.Bb1 d6 13.Bb2 f5 14.Nc3 f4 15.Nd5 f3
16.gxf3 c6 17.Nf4 Qh4 18.Be4 a4 19.bxa4 Nxc4 20.Bc1 Kh8 21.Qd4 Ne5 22.Bb2 
Qxf4 23.Qxe5 Qxe5 0-1

[Event "2nd GMA World Cup prel  #1"]
[Site "Belgrade YUG"]
[Date "1988.??.??"]
[Round "?"]
[White "Akopian, Vladimir"]
[Black "Zelcic, Robert"]
[Result "1/2-1/2"]
[WhiteElo "2455"]
[BlackElo "2375"]
[EventDate "1988.12.??"]
[PlyCount "74"]

1.d4 Nf6 2.c4 c5 3.d5 e6 4.Nc3 exd5 5.cxd5 d6 6.g3 g6 7.Bg2 Bg7 8.Nf3 O-O 
9.O-O a6 10.a4 Re8 11.Nd2 Nbd7 12.Nc4 Nb6 13.Na3 Bd7 14.h3 Nxa4 15.Nxa4 b5
16.Nc3 b4 17.Bd2 bxc3 18.Bxc3 Ne4 19.Bxg7 Kxg7 20.Qc2 f5 21.Nc4 Bb5 22.b3 
Qf6 23.e3 Ng5 24.Rfc1 Nf7 25.Ra5 Reb8 26.Bf1 Ne5 27.Qa2 Bxc4 28.Bxc4 Nxc4 
29.Rxc4 Qe5 30.Qa4 Ra7 31.Rxa6 Rxa6 32.Qxa6 Qxd5 33.Qa7+ Rb7 34.Qa1+ Kg8 
35.Qa8+ Kg7 36.Qa1+ Kg8 37.Qa8+ Kg7 1/2-1/2

[Event "2nd GMA World Cup prel  #1"]
[Site "Belgrade YUG"]
[Date "1988.??.??"]
[Round "?"]
[White "Andrijevic, Milan"]
[Black "Dukanovic, Marko"]
[Result "1-0"]
[WhiteElo "2395"]
[BlackElo "2260"]
[EventDate "1988.12.??"]
[PlyCount "65"]

1.e4 g6 2.d4 Bg7 3.Nf3 d6 4.Bc4 Nf6 5.Qe2 O-O 6.O-O Bg4 7.e5 dxe5 8.dxe5 
Nd5 9.Nbd2 Nc6 10.Qe4 Bxf3 11.Nxf3 Nb6 12.Bb3 Na5 13.Qh4 Nxb3 14.axb3 Qd7 
15.Re1 f6 16.Bh6 c5 17.Rad1 Qc7 18.Re2 Rad8 19.Rde1 Nc8 20.Bd2 Qc6 21.c4 
fxe5 22.Bc3 Rf5 23.Nxe5 Bxe5 24.Bxe5 Rh5 25.Qg4 Qd7 26.Qg3 Qf5 27.f4 Qd3 
28.Re3 Qc2 29.Bc3 Rf5 30.Qf3 Rdf8 31.g3 R5f7 32.Qd5 b6 33.Qe5 1-0

[Event "2nd GMA World Cup prel  #1"]
[Site "Belgrade YUG"]
[Date "1988.??.??"]
[Round "?"]
[White "Andrijevic, Milan"]
[Black "Micic, Cedomir"]
[Result "1-0"]
[WhiteElo "2395"]
[BlackElo "2355"]
[EventDate "1988.12.??"]
[PlyCount "89"]

1.e4 e5 2.Nf3 Nc6 3.Bb5 a6 4.Ba4 Nf6 5.O-O Nxe4 6.d4 b5 7.Bb3 d5 8.dxe5 
Be6 9.Nbd2 Nc5 10.c3 d4 11.Bxe6 Nxe6 12.cxd4 Ncxd4 13.Ne4 Be7 14.Be3 Nf5 
15.Qc2 O-O 16.Rad1 Nxe3 17.fxe3 Qe8 18.Nd4 Rd8 19.Nf5 Rxd1 20.Qxd1 Bd8 21.
Qg4 Kh8 22.Nd4 Nxd4 23.exd4 Be7 24.d5 Qd8 25.Qd1 f6 26.d6 cxd6 27.exd6 
Qb6+ 28.Kh1 Bd8 29.b4 h6 30.Nc5 Re8 31.d7 Re5 32.Qd3 Kg8 33.Rd1 a5 34.a3 
axb4 35.axb4 Qc6 36.Kg1 Kf8 37.Kf1 Kf7 38.Rd2 g6 39.Re2 Qd5 40.Rxe5 Qxd3+ 
41.Nxd3 fxe5 42.Nxe5+ Ke6 43.Nc6 Kxd7 44.Nxd8 Kxd8 45.Ke2 1-0

[Event "2nd GMA World Cup prel  #1"]
[Site "Belgrade YUG"]
[Date "1988.??.??"]
[Round "?"]
[White "Andrijevic, Milan"]
[Black "Petursson, Margeir"]
[Result "0-1"]
[WhiteElo "2395"]
[BlackElo "2530"]
[EventDate "1988.12.??"]
[PlyCount "90"]

1.e4 c5 2.Nf3 d6 3.d4 cxd4 4.Nxd4 Nf6 5.Nc3 g6 6.Be2 Bg7 7.O-O O-O 8.Bg5 
Nc6 9.Nb3 a6 10.f4 b5 11.Bf3 b4 12.Na4 Bd7 13.Qe1 Rb8 14.a3 Qc7 15.Qd2 a5 
16.Bh4 Be6 17.Bf2 Nd7 18.Rfc1 Bc4 19.Nd4 Nxd4 20.Bxd4 Bxd4+ 21.Qxd4 e5 22.
Qd2 exf4 23.axb4 axb4 24.Rd1 Qa7+ 25.Qd4 Ra8 26.Qxa7 Rxa7 27.b3 Be6 28.
Rxd6 Rc8 29.Bd1 Ne5 30.h3 Rcc7 31.Rb6 Rd7 32.Rxb4 Rd2 33.Rc1 Ra5 34.Nc3 
Rc5 35.Nb1 Rd8 36.Be2 Nc6 37.Rb5 Nd4 38.Rxc5 Nxe2+ 39.Kf2 Nxc1 40.Ra5 Rd1 
41.Na3 h6 42.b4 Rd2+ 43.Kf1 Na2 44.b5 f3 45.gxf3 Nc3 0-1

[Event "2nd GMA World Cup prel  #1"]
[Site "Belgrade YUG"]
[Date "1988.??.??"]
[Round "?"]
[White "Andrijevic, Milan"]
[Black "Voiska, Margarita"]
[Result "1/2-1/2"]
[WhiteElo "2395"]
[BlackElo "2350"]
[EventDate "1988.12.??"]
[PlyCount "101"]

1.e4 e6 2.d4 d5 3.Nd2 Nf6 4.Bd3 c5 5.e5 Nfd7 6.c3 Nc6 7.Ne2 Qb6 8.Nf3 f6 
9.exf6 Nxf6 10.O-O cxd4 11.cxd4 Bd6 12.Nc3 O-O 13.Be3 Bd7 14.a3 Kh8 15.Rc1
Be8 16.Ng5 Ne7 17.g3 Bf7 18.Na4 Qd8 19.Nc5 Bxc5 20.Rxc5 Nf5 21.Re1 Nd7 22.
Nxf7+ Rxf7 23.Rc2 Qf6 24.Qh5 g6 25.Qe2 Nxd4 26.Bxd4 Qxd4 27.Qxe6 Raf8 28.
Qe3 Qxe3 29.Rxe3 Nf6 30.f4 Kg7 31.h3 a6 32.Re5 Rd8 33.Kf2 Rfd7 34.Kf3 d4 
35.Rc4 Nd5 36.Rxd4 Nxf4 37.Rxd7+ Rxd7 38.Kxf4 Rxd3 39.Re7+ Kf6 40.Rxb7 g5+
41.Ke4 Rxg3 42.Rb6+ Kg7 43.a4 a5 44.Rb5 Rxh3 45.Rxa5 Rh4+ 46.Kf5 Rb4 47.
Kxg5 Rxb2 48.Ra7+ Kf8 49.a5 Ra2 50.a6 Ke8 51.Ra8+ 1/2-1/2

[Event "2nd GMA World Cup prel  #1"]
[Site "Belgrade YUG"]
[Date "1988.??.??"]
[Round "?"]
[White "Antic, Dejan"]
[Black "Babic, Drasko"]
[Result "0-1"]
[WhiteElo "2325"]
[BlackElo "2390"]
[EventDate "1988.12.??"]
[PlyCount "96"]

1.e4 e5 2.Nf3 Nc6 3.Bc4 Nf6 4.d3 Bc5 5.c3 a6 6.O-O d6 7.Bb3 Qe7 8.Re1 h6 
9.d4 Ba7 10.d5 Nb8 11.Be3 O-O 12.Bxa7 Rxa7 13.c4 Nh5 14.Nc3 Nd7 15.Bc2 c5 
16.a3 Nf4 17.g3 Nh3+ 18.Kg2 Nf6 19.Ng1 Nxg1 20.Kxg1 Bd7 21.b4 Rc8 22.Bd3 
b5 23.cxb5 c4 24.b6 Rb7 25.Bf1 Qd8 26.Rc1 Qxb6 27.Na4 Bxa4 28.Qxa4 Rbc7 
29.Rc3 Qd4 30.Qc2 h5 31.Kg2 Nd7 32.Rc1 f5 33.f3 fxe4 34.Qxe4 Nb6 35.Kh3 
Kh8 36.Kh4 g6 37.R3c2 c3 38.Bxa6 Ra8 39.Bd3 Rxa3 40.Kg5 Nxd5 41.b5 Qc5 42.
Kxg6 Rg7+ 43.Kh6 Raa7 44.b6 Raf7 45.f4 Qc8 46.fxe5 dxe5 47.Rf1 Qe6+ 48.
Kxh5 Rxf1 0-1

[Event "2nd GMA World Cup prel  #1"]
[Site "Belgrade YUG"]
[Date "1988.??.??"]
[Round "?"]
[White "Apicella, Manuel"]
[Black "Palatnik, Semon"]
[Result "1/2-1/2"]
[WhiteElo "2370"]
[BlackElo "2500"]
[EventDate "1988.12.??"]
[PlyCount "88"]

1.e4 Nf6 2.Nc3 d5 3.exd5 Nxd5 4.Bc4 Nb6 5.Bb3 Nc6 6.Nf3 Bf5 7.d4 e6 8.h3 
Na5 9.Qe2 Nxb3 10.axb3 Bd6 11.O-O c6 12.Ne4 Bxe4 13.Qxe4 Nd7 14.c3 h6 15.
Nd2 O-O 16.Nc4 Bc7 17.f4 Nf6 18.Qe2 Re8 19.Bd2 Qd5 20.b4 Ne4 21.Be1 b6 22.
Nd2 Nxd2 23.Bxd2 a5 24.bxa5 bxa5 25.Be3 Reb8 26.Rf2 Qe4 27.Re1 a4 28.Qf1 
Qd5 29.Qd3 Rb3 30.Qc2 Qc4 31.Bd2 Rab8 32.Ra1 Rxb2 33.Qxa4 Qd3 34.Qxc6 Rxd2
35.Rxd2 Qxd2 36.Qxc7 Rb2 37.Qc6 Qf2+ 38.Kh1 Qxf4 39.d5 Qe4 40.Qa8+ Kh7 41.
dxe6 Qxe6 42.Qf3 g6 43.Rf1 Kg7 44.Qd3 Qc6 1/2-1/2

[Event "2nd GMA World Cup prel  #1"]
[Site "Belgrade YUG"]
[Date "1988.??.??"]
[Round "?"]
[White "Arkhipov, Sergei"]
[Black "Eingorn, Viacheslav"]
[Result "0-1"]
[WhiteElo "2460"]
[BlackElo "2560"]
[EventDate "1988.12.??"]
[PlyCount "122"]

1.c4 c5 2.Nf3 b6 3.Nc3 Bb7 4.e3 Nf6 5.d4 cxd4 6.exd4 e6 7.a3 Ne4 8.Nxe4 
Bxe4 9.Be2 Be7 10.O-O O-O 11.Bf4 d6 12.Nd2 Bb7 13.b4 Nd7 14.Nb3 Rc8 15.Ra2
Re8 16.Re1 Bf8 17.Bd3 g6 18.Rae2 e5 19.Bc1 Bg7 20.d5 Nf6 21.Bg5 Qd7 22.Nd2
Nh5 23.f3 f5 24.Nf1 Nf4 25.Bxf4 exf4 26.Rxe8+ Rxe8 27.Rxe8+ Qxe8 28.g3 
fxg3 29.hxg3 Bc8 30.Qe2 Qxe2 31.Bxe2 Bb2 32.a4 f4 33.gxf4 Ba3 34.b5 Bc1 
35.Ng3 Bxf4 36.Ne4 Kf7 37.Kg2 h5 38.Bd3 Bd7 39.Nf2 Kf6 40.Be4 Be3 41.Nd3 
Bd2 42.Kf2 g5 43.Ke2 Bc3 44.Ke3 Bc8 45.Bh7 Be5 46.Bg8 h4 47.Nf2 Bf4+ 48.
Ke2 Ke5 49.Be6 Bxe6 50.Nd3+ Kf6 51.dxe6 Kxe6 52.Nb4 d5 53.cxd5+ Kd6 54.Kf2
Kc5 55.Nc6 Kxd5 56.Nxa7 Kc4 57.Nc6 Bc7 58.Ne7 Kb3 59.Nd5 Bd8 60.a5 bxa5 
61.b6 Bxb6+ 0-1

[Event "2nd GMA World Cup prel  #1"]
[Site "Belgrade YUG"]
[Date "1988.??.??"]
[Round "?"]
[White "Arkhipov, Sergei"]
[Black "Lematschko, Tatjana"]
[Result "1-0"]
[WhiteElo "2460"]
[BlackElo "2335"]
[EventDate "1988.12.??"]
[PlyCount "122"]

1.c4 e6 2.Nc3 d5 3.d4 f5 4.Bf4 c6 5.e3 Nf6 6.Bd3 Bd6 7.Nge2 O-O 8.O-O Nh5 
9.Bxd6 Qxd6 10.Qc2 g6 11.Rab1 Na6 12.c5 Qe7 13.Bxa6 bxa6 14.Nf4 Ng7 15.Nd3
g5 16.Ne5 Bb7 17.f3 Rac8 18.Rbe1 a5 19.Rf2 Ba6 20.Qa4 Qc7 21.a3 Rfd8 22.g3
Ne8 23.Ra1 Nf6 24.b4 Nd7 25.Qxc6 Qxc6 26.Nxc6 Rxc6 27.b5 Bxb5 28.Nxb5 Rb8 
29.Rb1 Nxc5 30.dxc5 a6 31.Nc3 Rxb1+ 32.Nxb1 Rxc5 33.f4 g4 34.Rb2 Rc1+ 35.
Kf2 Rh1 36.Rb8+ Kf7 37.Nc3 Rxh2+ 38.Ke1 h5 39.Ne2 Rh3 40.Kd2 h4 41.gxh4 
Rxh4 42.Rb7+ Kf6 43.Rb6 Rh2 44.Kd3 g3 45.Nxg3 d4 46.Ne2 dxe3 47.Rxa6 Rh3 
48.Rxa5 Ke7 49.a4 Kd6 50.Kd4 Rh2 51.Ra6+ Kd7 52.Kxe3 Rh3+ 53.Kd4 Ra3 54.
Nc1 Ra1 55.Nd3 Rd1 56.a5 Ke7 57.Rb6 Ra1 58.a6 Ra4+ 59.Nb4 Kd7 60.Kc5 Ra1 
61.Rb7+ Ke8 1-0

[Event "2nd GMA World Cup prel  #1"]
[Site "Belgrade YUG"]
[Date "1988.??.??"]
[Round "?"]
[White "Arkhipov, Sergei"]
[Black "Miljanic, Boro"]
[Result "1-0"]
[WhiteElo "2460"]
[BlackElo "2340"]
[EventDate "1988.12.??"]
[PlyCount "75"]

1.c4 e6 2.Nc3 d5 3.d4 c5 4.cxd5 exd5 5.Nf3 Nc6 6.e3 Nf6 7.Be2 Be7 8.O-O 
O-O 9.dxc5 Bxc5 10.b3 a6 11.Bb2 Qd6 12.Rc1 Rd8 13.Qc2 Ba7 14.Rfd1 Bg4 15.
Ng5 Bxe2 16.Nxe2 Ne5 17.Qc7 Bb8 18.Qxd6 Bxd6 19.Nd4 Ne4 20.Ngf3 Ng4 21.Rc2
Rac8 22.Rdc1 Rxc2 23.Rxc2 g6 24.h3 Ngf6 25.Ne2 Kf8 26.Ne5 Ke7 27.Nd3 Ng5 
28.Nef4 Bxf4 29.Nxf4 Ne6 30.Nxe6 fxe6 31.Rc7+ Nd7 32.Rxb7 Rc8 33.Ra7 Rc6 
34.a4 Kd8 35.f4 Rb6 36.Bd4 Rc6 37.b4 Kc8 38.Kf2 1-0

[Event "2nd GMA World Cup prel  #1"]
[Site "Belgrade YUG"]
[Date "1988.??.??"]
[Round "?"]
[White "Arnason, Jon"]
[Black "Gostisa, Leon"]
[Result "0-1"]
[WhiteElo "2535"]
[BlackElo "2415"]
[EventDate "1988.12.??"]
[PlyCount "82"]

1.e4 c5 2.Nf3 Nc6 3.d4 cxd4 4.Nxd4 Qb6 5.Nb3 Nf6 6.Nc3 e6 7.Bd3 a6 8.O-O 
Be7 9.Kh1 d6 10.f4 Qc7 11.Qf3 O-O 12.Bd2 b5 13.a3 Bb7 14.Rae1 b4 15.axb4 
Nxb4 16.Nb5 axb5 17.Bxb4 Ra4 18.c3 Ra2 19.Re2 e5 20.fxe5 dxe5 21.Bxe7 Qxe7
22.Bxb5 Nxe4 23.Rxe4 Rxb2 24.Bc4 Qa3 25.Nc1 Rb1 26.Bd3 Rxc1 27.Rh4 Rxf1+ 
28.Qxf1 g6 29.Qe1 Rd8 30.Bf1 e4 31.Rxh7 Kxh7 32.Qh4+ Kg7 33.Qxd8 Qxc3 34.
Qb6 Qe1 35.Qb2+ Kg8 36.Qe2 Qxe2 37.Bxe2 f5 38.Kg1 Kg7 39.Kf2 f4 40.Bc4 e3+
41.Kf1 g5 0-1

[Event "2nd GMA World Cup prel  #1"]
[Site "Belgrade YUG"]
[Date "1988.??.??"]
[Round "?"]
[White "Arnason, Jon"]
[Black "Sinadinovic, Andelko"]
[Result "1-0"]
[WhiteElo "2535"]
[BlackElo "2350"]
[EventDate "1988.12.??"]
[PlyCount "149"]

1.e4 e5 2.Nf3 Nc6 3.Bb5 a6 4.Ba4 Nf6 5.O-O Be7 6.Re1 b5 7.Bb3 d6 8.c3 O-O 
9.h3 Bb7 10.d4 Re8 11.Nbd2 Bf8 12.a3 h6 13.Ba2 Nb8 14.d5 c5 15.b4 c4 16.a4
Nbd7 17.Bb1 Nb6 18.Bc2 Qc7 19.Nb1 Bc8 20.Be3 Bd7 21.a5 Nc8 22.Nh2 Ne7 23.
Qf3 Nh7 24.Nd2 g5 25.h4 Ng6 26.hxg5 hxg5 27.g3 Be7 28.Kg2 Kg7 29.Rh1 Rh8 
30.Ng4 Nf6 31.Bb6 Qb7 32.Ne3 g4 33.Qe2 Rh5 34.Rxh5 Nxh5 35.Kg1 Rh8 36.Nf5+
Kf8 37.Qxg4 Ngf4 38.Nf1 Rg8 39.Qf3 Bxf5 40.exf5 Nf6 41.Ne3 Nd3 42.Rd1 Ke8 
43.Qh1 e4 44.Bd4 Ng4 45.Qh7 Rg5 46.Nxg4 Rxg4 47.Qh3 Rg5 48.Be3 Qxd5 49.
Bxg5 Bxg5 50.Qg4 Bf6 51.Rd2 Qe5 52.Re2 d5 53.Qg8+ Ke7 54.Qc8 Qd6 55.Qb7+ 
Kf8 56.Qb6 Ke7 57.Qb7+ Ke8 58.Qc8+ Bd8 59.Kg2 Ke7 60.Re3 Ne5 61.Bd1 Nd7 
62.Qb7 Kf8 63.Bh5 Bc7 64.Qc8+ Kg7 65.Re1 Kf6 66.Rh1 Ne5 67.Be2 Qd7 68.
Qxa6+ Bd6 69.Qa8 Qxf5 70.Qxd5 Ke7 71.Rd1 Qg6 72.Bh5 Qf6 73.a6 Bc7 74.Qc5+ 
Bd6 75.Rxd6 1-0

[Event "2nd GMA World Cup prel  #1"]
[Site "Belgrade YUG"]
[Date "1988.??.??"]
[Round "?"]
[White "Arnason, Jon"]
[Black "Todorovic, Goran N."]
[Result "0-1"]
[WhiteElo "2535"]
[BlackElo "2400"]
[EventDate "1988.12.??"]
[PlyCount "80"]

1.e4 e5 2.Nf3 Nc6 3.Bb5 a6 4.Ba4 d6 5.O-O Bd7 6.d4 Nf6 7.Re1 Be7 8.Bxc6 
Bxc6 9.Nc3 exd4 10.Nxd4 Bd7 11.b3 O-O 12.Bb2 Re8 13.Qf3 Bf8 14.h3 g6 15.
Rad1 Bg7 16.Ba1 Rb8 17.Nde2 Bc6 18.Nf4 Nxe4 19.Nxe4 Bxa1 20.Rxa1 Rxe4 21.
Rxe4 f5 22.Qg3 fxe4 23.Nxg6 hxg6 24.Qxg6+ Kf8 25.Qh6+ Kf7 26.Qh5+ Kg7 27.
Qg4+ Kf6 28.f3 Qg8 29.Qf4+ Ke6 30.Re1 Rf8 31.Rxe4+ Bxe4 32.Qxe4+ Kd7 33.
Qxb7 Qg6 34.c4 Qb1+ 35.Kh2 Qxa2 36.c5 Qa5 37.cxd6 Qe5+ 38.g3 Qxd6 39.h4 
Re8 40.h5 Re5 0-1

[Event "2nd GMA World Cup prel  #1"]
[Site "Belgrade YUG"]
[Date "1988.??.??"]
[Round "?"]
[White "Atanasijadis, Antimos"]
[Black "Andrijevic, Milan"]
[Result "1/2-1/2"]
[WhiteElo "2260"]
[BlackElo "2395"]
[EventDate "1988.12.??"]
[PlyCount "25"]

1.d4 d5 2.Nf3 e6 3.c4 Nf6 4.Nc3 c5 5.cxd5 Nxd5 6.e4 Nxc3 7.bxc3 cxd4 8.
cxd4 Bb4+ 9.Bd2 Bxd2+ 10.Qxd2 Nc6 11.Bc4 O-O 12.O-O Qd6 13.Rad1 1/2-1/2

[Event "2nd GMA World Cup prel  #1"]
[Site "Belgrade YUG"]
[Date "1988.??.??"]
[Round "?"]
[White "Atanasijadis, Antimos"]
[Black "Indic, Dusan"]
[Result "0-1"]
[WhiteElo "2260"]
[BlackElo "2370"]
[EventDate "1988.12.??"]
[PlyCount "64"]

1.d4 Nf6 2.Nf3 g6 3.Bg5 Bg7 4.e3 O-O 5.c4 c5 6.Nc3 Nc6 7.d5 Na5 8.Be2 d6 
9.Nd2 h6 10.Bh4 b6 11.O-O e5 12.Qc2 Bd7 13.a3 Qe8 14.b4 Nb7 15.Rae1 Nh7 
16.e4 f5 17.f3 f4 18.Nb3 h5 19.Bf2 g5 20.bxc5 bxc5 21.Nb5 Qg6 22.Kh1 Rf7 
23.Rb1 g4 24.Qd2 Bf8 25.Nc7 Rc8 26.Ne6 g3 27.Bg1 Nd8 28.Nxd8 Rxd8 29.Na5 
Rg7 30.Bd3 h4 31.Rb2 h3 32.hxg3 fxg3 0-1

[Event "2nd GMA World Cup prel  #1"]
[Site "Belgrade YUG"]
[Date "1988.??.??"]
[Round "?"]
[White "Atanasijadis, Antimos"]
[Black "Vanheste, Jeroen"]
[Result "0-1"]
[WhiteElo "2260"]
[BlackElo "2390"]
[EventDate "1988.12.??"]
[PlyCount "45"]

1.d4 Nf6 2.Nf3 g6 3.Bg5 Bg7 4.e3 O-O 5.c4 Ne4 6.Bf4 c5 7.Nbd2 Nxd2 8.Qxd2 
cxd4 9.exd4 d5 10.c5 b6 11.cxb6 Qxb6 12.h3 Nc6 13.Rd1 Bf5 14.Be2 Be4 15.
O-O Bxf3 16.Bxf3 e6 17.g4 Qxd4 18.b3 Rac8 19.Qe2 Qb6 20.Bg2 Nd4 21.Qd3 Rc3
22.Qb1 Rfc8 23.Kh1 0-1

[Event "2nd GMA World Cup prel  #1"]
[Site "Belgrade YUG"]
[Date "1988.??.??"]
[Round "?"]
[White "Avshalumov, Alexander"]
[Black "Karpman, Vadim"]
[Result "0-1"]
[WhiteElo "2420"]
[BlackElo "2490"]
[EventDate "1988.12.??"]
[PlyCount "66"]

1.d4 Nf6 2.c4 e6 3.Nc3 Bb4 4.Qc2 O-O 5.a3 Bxc3+ 6.Qxc3 b6 7.Bg5 Bb7 8.f3 
d5 9.cxd5 Qxd5 10.Bxf6 gxf6 11.e3 c5 12.dxc5 Rc8 13.Qxf6 Qxc5 14.Qh6 Qc2 
15.Rd1 Qxb2 16.Ne2 Qg7 17.Qf4 Nc6 18.h4 Rd8 19.Rxd8+ Rxd8 20.Kf2 e5 21.Qa4
Qh6 22.Ng3 Bc8 23.Be2 f5 24.h5 Rd6 25.Rd1 Bd7 26.Bb5 Rxd1 27.Qxd1 Qe6 28.
Qc2 Na5 29.Bxd7 Qxd7 30.Nxf5 b5 31.Qe4 Nc4 32.Qg4+ Kf7 33.Qg8+ Kxg8 0-1

[Event "2nd GMA World Cup prel  #1"]
[Site "Belgrade YUG"]
[Date "1988.??.??"]
[Round "?"]
[White "Avshalumov, Alexander"]
[Black "Nikolic, Sava N. R."]
[Result "1-0"]
[WhiteElo "2420"]
[BlackElo "2365"]
[EventDate "1988.12.??"]
[PlyCount "51"]

1.d4 Nf6 2.c4 g6 3.Nc3 Bg7 4.e4 d6 5.f4 O-O 6.Nf3 c5 7.d5 e6 8.Be2 exd5 9.
cxd5 b5 10.e5 dxe5 11.fxe5 Ng4 12.Bg5 f6 13.exf6 Bxf6 14.Bxf6 Qxf6 15.Qd2 
a6 16.O-O Qe7 17.Ng5 Rxf1+ 18.Rxf1 Ne3 19.Rf3 Nf5 20.g4 Nd6 21.Re3 Qf8 22.
Nce4 Nxe4 23.Rxe4 Nd7 24.d6 Nf6 25.Re7 Bd7 26.Bf3 1-0

[Event "2nd GMA World Cup prel  #1"]
[Site "Belgrade YUG"]
[Date "1988.??.??"]
[Round "?"]
[White "Avshalumov, Alexander"]
[Black "Todorcevic, Miodrag"]
[Result "0-1"]
[WhiteElo "2420"]
[BlackElo "2525"]
[EventDate "1988.12.??"]
[PlyCount "106"]

1.d4 g6 2.c4 Bg7 3.Nc3 d6 4.e4 Nd7 5.f4 e5 6.fxe5 dxe5 7.d5 Nh6 8.Nf3 O-O 
9.Be2 f6 10.h3 Nf7 11.Be3 f5 12.Qd2 Nf6 13.O-O-O a6 14.c5 b5 15.cxb6 cxb6 
16.Kb1 b5 17.exf5 Bxf5+ 18.Ka1 Rc8 19.a3 Qd6 20.Ng5 Nxg5 21.Bxg5 b4 22.
axb4 Qxb4 23.Na2 Qd6 24.Qb4 Qd7 25.d6 Rb8 26.Bc4+ Kh8 27.Qa3 Qc6 28.Rc1 
Qxg2 29.h4 e4 30.Rhg1 Qf3 31.Rc3 Qf2 32.Rf1 Qh2 33.Rb3 Rxb3 34.Bxb3 Nd7 
35.Rc1 h6 36.Be7 Rb8 37.Nc3 e3 38.Bc4 Qe5 39.Ka2 Qd4 40.Bb3 Qd2 41.Rd1 Qf2
42.Bc4 Qf4 43.Bd5 Kh7 44.Rh1 e2 45.Bg5 Qd4 46.Bc1 Qd3 47.Bf7 Ne5 48.Bb3 
Nf3 49.Bf4 e1=Q 50.Rxe1 Nxe1 51.d7 Rxb3 52.Qxb3 Qxd7 53.Nd5 Be6 0-1

[Event "2nd GMA World Cup prel  #1"]
[Site "Belgrade YUG"]
[Date "1988.??.??"]
[Round "?"]
[White "Avshalumov, Alexander"]
[Black "Vaiser, Anatoly"]
[Result "0-1"]
[WhiteElo "2420"]
[BlackElo "2530"]
[EventDate "1988.12.??"]
[PlyCount "92"]

1.d4 Nf6 2.c4 c5 3.d5 b5 4.cxb5 a6 5.bxa6 g6 6.Nc3 Bxa6 7.g3 Bg7 8.Bg2 d6 
9.Nf3 O-O 10.O-O Nbd7 11.Qc2 Nb6 12.Rd1 Ra7 13.e4 Qa8 14.Rb1 Bb7 15.b3 e6 
16.a4 exd5 17.e5 dxe5 18.Nxe5 d4 19.Bxb7 Rxb7 20.Nb5 Nbd5 21.Bd2 Re7 22.
Re1 Rfe8 23.f4 Nd7 24.Nd6 Bxe5 25.fxe5 Nxe5 26.Nxe8 Nf3+ 27.Kf2 Nxe1 28.
Rxe1 Qxe8 29.Rxe7 Qxe7 30.a5 Nf6 31.Qd3 Ng4+ 32.Kg2 h5 33.a6 Qf6 34.Bf4 
Qc6+ 35.Kg1 Qb6 36.h3 Nf6 37.Qc4 Qa5 38.Qe2 Qb6 39.Qa2 Qa7 40.Qa5 d3 41.
Be3 Qb8 42.Bf2 Ne4 43.a7 Qa8 44.Be3 Nxg3 45.Qc7 Qh1+ 46.Kf2 Ne4# 0-1

[Event "2nd GMA World Cup prel  #1"]
[Site "Belgrade YUG"]
[Date "1988.??.??"]
[Round "?"]
[White "Babic, Drasko"]
[Black "Drasko, Milan"]
[Result "0-1"]
[WhiteElo "2390"]
[BlackElo "2510"]
[EventDate "1988.12.??"]
[PlyCount "74"]

1.Nf3 Nf6 2.c4 e6 3.g3 d5 4.Bg2 dxc4 5.Qa4+ Nbd7 6.O-O a6 7.Qxc4 b5 8.Qc2 
Bb7 9.d3 c5 10.Bf4 Be7 11.Nc3 O-O 12.a4 Qb6 13.a5 Qa7 14.Rfc1 Rac8 15.b3 
Nb8 16.Bxb8 Qxb8 17.e4 Nd7 18.Qe2 Rfd8 19.Nd1 Qd6 20.Ne3 Nb8 21.Rd1 Nc6 
22.h4 Qc7 23.Qe1 Rd7 24.h5 Nb4 25.Bf1 Rcd8 26.h6 Nxd3 27.Bxd3 Rxd3 28.Nd5 
Rxd1 29.Nxe7+ Qxe7 30.Rxd1 Rxd1 31.Qxd1 Bxe4 32.hxg7 Qf6 33.Qd6 Kxg7 34.
Ne5 Qh6 35.f3 Qe3+ 36.Kg2 Bd5 37.g4 Qf4 0-1

[Event "2nd GMA World Cup prel  #1"]
[Site "Belgrade YUG"]
[Date "1988.??.??"]
[Round "?"]
[White "Babic, Drasko"]
[Black "Gufeld, Eduard"]
[Result "0-1"]
[WhiteElo "2390"]
[BlackElo "2510"]
[EventDate "1988.12.??"]
[PlyCount "75"]

1.e4 c5 2.Nf3 Nc6 3.d4 cxd4 4.Nxd4 Nf6 5.Nc3 d6 6.Be2 g6 7.Be3 Bg7 8.h4 h5
9.f3 O-O 10.Qd2 Nxd4 11.Bxd4 Qa5 12.O-O-O e5 13.Be3 Be6 14.Kb1 Rfc8 15.Nd5
Qxd2 16.Nxf6+ Bxf6 17.Rxd2 Be7 18.g4 hxg4 19.fxg4 Kg7 20.h5 gxh5 21.gxh5 
Kh7 22.b3 Rg8 23.Rg1 Rxg1+ 24.Bxg1 b6 25.a4 Rg8 26.Rd1 Bg4 27.Bxg4 Rxg4 
28.a5 bxa5 29.Bxa7 Rxe4 30.Bb8 f5 31.Bxd6 Bxd6 32.Rxd6 f4 33.Rf6 Re3 34.
Kc1 f3 35.Kd1 e4 36.h6 Re2 37.c4 Rb2 38.Rf4 0-1

[Event "2nd GMA World Cup prel  #1"]
[Site "Belgrade YUG"]
[Date "1988.??.??"]
[Round "?"]
[White "Babic, Drasko"]
[Black "Ilijic, Milan"]
[Result "0-1"]
[WhiteElo "2390"]
[BlackElo "2285"]
[EventDate "1988.12.??"]
[PlyCount "84"]

1.e4 d6 2.d4 Nf6 3.Nc3 g6 4.Be2 Bg7 5.Nf3 O-O 6.h3 a6 7.a4 b6 8.Be3 Bb7 9.
d5 Nbd7 10.O-O Nc5 11.Nd2 e6 12.Bf3 Nfd7 13.Nc4 a5 14.Bd4 e5 15.Bxc5 Nxc5 
16.Nb5 f5 17.Nd2 Bh6 18.Re1 Rf7 19.exf5 gxf5 20.Nf1 Qh4 21.c3 Kh8 22.g3 
Qxh3 23.b4 Na6 24.Re4 Bg5 25.Rc4 Rg8 26.Ra2 Bc8 27.Nh2 Rfg7 28.Bg2 Qh6 29.
Nf1 f4 30.Qd3 Bh4 31.Qe4 Qh5 32.Bf3 Qf7 33.Bh1 fxg3 34.Qxh4 g2 35.Ng3 
gxh1=Q+ 36.Qxh1 Qg6 37.Re4 Bf5 38.Rh4 Qg5 39.Kg2 Bg4 40.Rh6 Qf4 41.Qh4 
Bf3+ 42.Kh2 Bxd5 0-1

[Event "2nd GMA World Cup prel  #1"]
[Site "Belgrade YUG"]
[Date "1988.??.??"]
[Round "?"]
[White "Babic, Drasko"]
[Black "Nikolic, Stanimir"]
[Result "1-0"]
[WhiteElo "2390"]
[BlackElo "2320"]
[EventDate "1988.12.??"]
[PlyCount "108"]

1.e4 c5 2.Nf3 e6 3.Be2 Nc6 4.d4 cxd4 5.Nxd4 a6 6.O-O Qc7 7.c4 Nf6 8.Bf3 
Ne5 9.b3 Be7 10.Bb2 b6 11.Nc3 Bb7 12.Re1 O-O 13.Qe2 Bb4 14.Rac1 d6 15.a3 
Bxc3 16.Rxc3 Rfe8 17.Re3 Rab8 18.h3 Qd7 19.Bg4 Nxe4 20.f4 Nxg4 21.hxg4 f5 
22.gxf5 exf5 23.Qh5 g6 24.Qh6 Qf7 25.Nf3 Qf8 26.Qh4 h5 27.Ng5 d5 28.Nxe4 
Rxe4 29.Qg5 Kh7 30.Rxe4 dxe4 31.Rd1 Bc6 32.Be5 Rb7 33.Rd6 Be8 34.Qd8 Qe7 
35.Qxe7+ Rxe7 36.Rxb6 g5 37.Bf6 Rd7 38.fxg5 f4 39.Be5 Rd1+ 40.Kh2 e3 41.
Rh6+ Kg8 42.g6 Bxg6 43.Rxg6+ Kh7 44.Re6 e2 45.Bc3 Rd3 46.Bb4 a5 47.Bxa5 
Rxb3 48.Rxe2 Rxa3 49.Bb6 Kg6 50.Rc2 f3 51.gxf3 Rxf3 52.c5 Rf8 53.c6 Rc8 
54.c7 Kf5 1-0

[Event "2nd GMA World Cup prel  #1"]
[Site "Belgrade YUG"]
[Date "1988.??.??"]
[Round "?"]
[White "Bagirov, Vladimir"]
[Black "Banas, Jan"]
[Result "1/2-1/2"]
[WhiteElo "2465"]
[BlackElo "2380"]
[EventDate "1988.12.??"]
[PlyCount "31"]

1.b3 e5 2.Bb2 Nc6 3.e3 Nf6 4.Bb5 d6 5.Ne2 g6 6.d4 Bg7 7.dxe5 Nd7 8.Bxc6 
bxc6 9.Nbc3 Nxe5 10.O-O O-O 11.Nf4 Rb8 12.Rb1 Re8 13.Nce2 Qh4 14.Nd4 c5 
15.Nf3 Nxf3+ 16.Qxf3 1/2-1/2

[Event "2nd GMA World Cup prel  #1"]
[Site "Belgrade YUG"]
[Date "1988.??.??"]
[Round "?"]
[White "Bagirov, Vladimir"]
[Black "Damljanovic, Branko"]
[Result "1/2-1/2"]
[WhiteElo "2465"]
[BlackElo "2565"]
[EventDate "1988.12.??"]
[PlyCount "27"]

1.d4 Nf6 2.c4 g6 3.Nc3 Bg7 4.e4 d6 5.Nf3 O-O 6.h3 e5 7.d5 a5 8.Bg5 h6 9.
Be3 Na6 10.Nd2 Nd7 11.g4 Ndc5 12.h4 Bd7 13.Be2 a4 14.a3 1/2-1/2

[Event "2nd GMA World Cup prel  #1"]
[Site "Belgrade YUG"]
[Date "1988.??.??"]
[Round "?"]
[White "Bagirov, Vladimir"]
[Black "Dolmatov, Sergei"]
[Result "1/2-1/2"]
[WhiteElo "2465"]
[BlackElo "2550"]
[EventDate "1988.12.??"]
[PlyCount "27"]

1.d4 e6 2.c4 f5 3.g3 Nf6 4.Bg2 c6 5.Nf3 d5 6.O-O Bd6 7.b3 Qe7 8.Bb2 b6 9.
Ne5 Bb7 10.Nd2 O-O 11.Ndf3 Nbd7 12.cxd5 cxd5 13.Rc1 Rfc8 14.Nxd7 1/2-1/2